000 00317nam a22001457a 4500
008 210305b ||||| |||| 00| 0 eng d
020 _a2900495067428
041 _aeng
080 _a541
082 _2541
100 _a12
101 _aKIM
245 _a Chemistry and Biochemistry
_cThomson
942 _2udc
_cBK
999 _c55788
_d55788